000 00531cam a22002171 4500
001 6946616
005 20180115094528.0
008 721017s1948 dcuac b 000 0beng
010 _a 48002544
035 _a(OCoLC)445559
040 _aDLC
_cODaWU
_dOCoLC
_dDLC
041 _aeng
080 _a923.673 QUA
082 _a923.673 QUA
100 1 _a16
101 _aHIS
245 1 0 _aFrederick Douglass.
504 _aBibliography: p. 351-362.
906 _a7
_bcbc
_coclcrpl
_du
_encip
_f19
_gy-gencatlg
942 _2ddc
_cBK
999 _c40318
_d40318